000 00835nam a22002057a 4500
003 OSt
005 20170608093112.0
008 150408b xxu||||| |||| 00| 0 eng d
040 _cBMC
082 _a670.42
100 1 _939455
_aRecinos Magaña, Miguel Edgardo
245 1 0 _aPasantía en Textilera Unida S.A. de C.V., Santa Ana
_b: Informe final
_cMiguel Edgardo Recinos Magaña
260 _aSanta Ana (El Salvador)
_bUniversidad Católica de Occidente
_c2004
300 _a1 v. (pág. var.)
_c28 cm
500 _aPrecede al tít.: Universidad Católica de Occidente, Facultad de Ingeniería y Arquitectura
502 _aPara optar al título de: Ingeniero Industrial
650 2 4 _919919
_aIngeniería industrial
710 2 _91166
_aUniversidad Católica de El Salvador
_bFacultad de Ingeniería y Arquitectura
942 _2ddc
_cTG
999 _c25543
_d25543